All 1M A Cities on a Map - Statistics

General Stats
  • This quiz has been taken 449 times
  • The average score is 24 of 37
Answers on the Map
Answers color-coded by a green-red scale on the quiz's map according to % correct below.
 
Answer Stats
City % Correct
Amsterdam
97%
Athens
97%
Ankara
96%
Algiers
95%
Alexandria
94%
Atlanta
93%
Austin
93%
Addis Ababa
91%
Abu Dhabi
90%
Asunción
90%
Auckland
90%
Amman
89%
Antwerp
89%
Adelaide
88%
Abuja
85%
Accra
84%
Antananarivo
84%
Ashgabat
75%
Ahmedabad
73%
Almaty
73%
Abidjan
72%
Aleppo
70%
Agra
65%
Antalya
61%
Arequipa
37%
Adana
36%
Agadir
35%
Angeles
32%
Amritsar
30%
Aba
28%
Aguascalientes
27%
Anshan
25%
Ahvāz
19%
Aurangabad
15%
Āsansol
13%
Anyang
12%
Alīgarh
10%
No matching quizzes found
Score Distribution
Percent of People with Each Score
Percentile by Number Answered
Your Score History
You have not taken this quiz